000 00896nam a2200265 a 4500
001 000107668
003 CHAP
005 20220329143939.0
008 131003s2011 mx |rm |0|||||spa d
010 _a104130
011 _a105102
040 _cCHAP
090 _aTesis
100 1 _aBenavides Leyva, Yetzuri
_9124402
245 1 0 _aÍndice de concepción comparando la progesterona intravaginal contra un progestágeno subcutáneo en vacas de ordeña inseminadas a tiempo fijo en el trópico seco /
_cpor Yetzuri Benavides Leyva.
260 _aCocula, Gro. :
_bEl autor,
_c2011.
300 _a41 h.
502 _aTesis (Ing. Agrónomo Zootecnista) -- Colegio Superior Agropecuario del Estado de Guerrero
590 _aE11695DGD
_b10
_c20131003
_lUCH01
_h1411
650 1 4 _aGanado Holstein.
_945133
650 1 4 _aProgesterona.
_992245
901 _aBK
942 _cTESIS
942 _n0
999 _c104130
_d104130